[Event "ChessOrg-Schachfestival 2022-Senioren"]
[Site "Bad Woerishofen"]
[Date "2022.03.18"]
[Round "8.13"]
[White "Walther, Reinhard"]
[Black "Leser, Alfred"]
[Result "1/2-1/2"]
[WhiteElo "1945"]
[BlackElo "1736"]
[PlyCount "56"]
[EventDate "2022.??.??"]
[WhiteTeam "SK 1911 Herzogenaurach e.V."]
[BlackTeam "Schachfreunde Mengen"]

1. d4 Nf6 2. Bg5 d5 3. e3 Bf5 4. Nd2 Nbd7 5. Ngf3 h6 6. Bh4 c6 7. h3 e6 8. g4
Bh7 9. Bg3 Qb6 10. Ne5 Nxe5 11. Bxe5 Nd7 12. Bg3 c5 13. Nf3 Qxb2 14. Rb1 Qc3+
15. Qd2 Qxd2+ 16. Kxd2 c4 17. Rxb7 Nf6 18. Ne5 Ne4+ 19. Kc1 Ba3+ 20. Kd1 O-O
21. Bg2 Nd6 22. Rb1 f6 23. Nd7 Rfd8 24. Nc5 Bxc5 25. dxc5 Ne4 26. Bxe4 Bxe4 27.
Re1 Bf3+ 28. Kd2 e5 1/2-1/2

[Event "ChessOrg-Schachfestival 2022-Senioren"]
[Site "Bad Woerishofen"]
[Date "2022.03.18"]
[Round "8.14"]
[White "McAndrew, Robert"]
[Black "Klein, Gerhard"]
[Result "1/2-1/2"]
[WhiteElo "1927"]
[BlackElo "1771"]
[PlyCount "47"]
[EventDate "2022.??.??"]
[WhiteTeam "Gambit Bonnevoie"]
[BlackTeam "Sfr.Konz-Karthaus"]

1. Nf3 d5 2. g3 c5 3. Bg2 Nc6 4. c4 e6 5. O-O Nf6 6. d3 Be7 7. a3 O-O 8. Qe1 d4
9. Nbd2 e5 10. Ne4 Nxe4 11. dxe4 Be6 12. b3 Rb8 13. a4 a5 14. Qd2 h6 15. Ne1
Nb4 16. Nd3 Qc7 17. f4 f6 18. fxe5 fxe5 19. Nxb4 cxb4 20. Qd3 Rxf1+ 21. Bxf1
Rf8 22. Bd2 Bc5 23. Bg2 Rf6 24. Rf1 1/2-1/2

[Event "ChessOrg-Schachfestival 2022-Senioren"]
[Site "Bad Woerishofen"]
[Date "2022.03.18"]
[Round "8.15"]
[White "Kievelitz, Bernd"]
[Black "Vonach, Bernhard"]
[Result "1/2-1/2"]
[WhiteElo "1745"]
[BlackElo "1824"]
[PlyCount "42"]
[EventDate "2022.??.??"]
[WhiteTeam "SC Zitadelle Spandau 1977 e.V."]
[BlackTeam "SF Windach"]

1. Nf3 Nf6 2. c4 c6 3. d4 b5 4. cxb5 cxb5 5. g3 Bb7 6. Bg2 e6 7. O-O Be7 8. a3
O-O 9. Nc3 a6 10. Re1 d5 11. b4 Qb6 12. Ne5 Nc6 13. Nxc6 Bxc6 14. Bb2 a5 15.
bxa5 Rxa5 16. e3 Rfa8 17. Qb3 Qa7 18. Bf1 Bxa3 19. Bxa3 Rxa3 20. Rxa3 Qxa3 21.
Rb1 Qxb3 1/2-1/2

[Event "ChessOrg-Schachfestival 2022-Senioren"]
[Site "Bad Woerishofen"]
[Date "2022.03.18"]
[Round "8.16"]
[White "Mueller, Thomas"]
[Black "Antoniacci, Riccardo"]
[Result "1-0"]
[WhiteElo "1980"]
[BlackElo "1706"]
[PlyCount "43"]
[EventDate "2022.??.??"]
[WhiteTeam "SV Schoemberg"]

1. d4 Nf6 2. Nf3 c5 3. e3 b6 4. Bd3 Bb7 5. Nbd2 d5 6. b3 e6 7. Bb2 Nbd7 8. O-O
Bd6 9. Ne5 Qc7 10. f4 Ne4 11. Bb5 Bxe5 12. dxe5 Nxd2 13. Qxd2 a6 14. Be2 O-O-O
15. b4 f5 16. exf6 Nxf6 17. bxc5 bxc5 18. Be5 Ne4 19. Qe1 Qc6 20. Rb1 Rhg8 21.
Qa5 Rd7 22. Rb6 1-0

[Event "ChessOrg-Schachfestival 2022-Senioren"]
[Site "Bad Woerishofen"]
[Date "2022.03.18"]
[Round "8.17"]
[White "Schwis, Joachim"]
[Black "Bertram, Thomas"]
[Result "1-0"]
[WhiteElo "1931"]
[BlackElo "1709"]
[PlyCount "39"]
[EventDate "2022.??.??"]
[WhiteTeam "SK Suelz-Klettenberg"]
[BlackTeam "SF Bad Lausick"]

1. c4 Nf6 2. g3 e6 3. Bg2 d5 4. b3 dxc4 5. bxc4 Qd4 6. Nc3 Bd7 7. Bxb7 Bc6 8.
Bxc6+ Nxc6 9. Qa4 O-O-O 10. Nf3 Qb6 11. O-O Nd4 12. Nxd4 Qxd4 13. Qa6+ Kd7 14.
e3 Qb6 15. Qa4+ c6 16. Rb1 Qc7 17. d4 Bd6 18. c5 Be7 19. e4 Rb8 20. Bf4 1-0

[Event "ChessOrg-Schachfestival 2022-Senioren"]
[Site "Bad Woerishofen"]
[Date "2022.03.18"]
[Round "8.23"]
[White "Klimpel, Siegfried"]
[Black "Schmieder, Siegfried"]
[Result "1/2-1/2"]
[WhiteElo "1754"]
[BlackElo "1904"]
[PlyCount "36"]
[EventDate "2022.??.??"]
[WhiteTeam "TSV Kareth-Lappersdorf"]

1. d4 f5 2. h3 d6 3. Bf4 g6 4. e3 Bg7 5. Nc3 Nf6 6. Be2 e6 7. Nf3 Qe7 8. Qd3
Nc6 9. a3 e5 10. d5 Nd8 11. Nd2 exf4 12. exf4 Ne4 13. Ncxe4 fxe4 14. Nxe4 Bf5
15. f3 Bxb2 16. Qb5+ c6 17. Qxb2 O-O 18. Qd4 c5 1/2-1/2

[Event "ChessOrg-Schachfestival 2022-Senioren"]
[Site "Bad Woerishofen"]
[Date "2022.03.18"]
[Round "8.39"]
[White "Zoll, Detlef"]
[Black "Krueger, Norbert"]
[Result "0-1"]
[WhiteElo "1914"]
[BlackElo "1946"]
[PlyCount "88"]
[EventDate "2022.??.??"]
[WhiteTeam "ESV 1949 Eberswalde e.V."]
[BlackTeam "Ratinger SK 1950"]

1. d4 d5 2. Nc3 Nf6 3. Bg5 Nbd7 4. Qd3 c6 5. e4 dxe4 6. Nxe4 Nxe4 7. Qxe4 Qa5+
8. Bd2 Qb6 9. O-O-O Nf6 10. Qe5 Ng4 11. Qf4 g6 12. h3 Nf6 13. Qe5 a5 14. g4 Bg7
15. Nf3 Be6 16. c4 O-O 17. Qe3 Ne8 18. Bc3 Nc7 19. Be2 Qa7 20. a4 Rab8 21. Qd2
b5 22. axb5 cxb5 23. d5 Bxc3 24. bxc3 Bd7 25. Qh6 f6 26. Bd3 Rf7 27. Nh4 bxc4
28. d6 Qb6 29. Bc2 exd6 30. Nxg6 hxg6 31. Qxg6+ Kf8 32. Qh6+ Ke7 33. Rhe1+ Ne6
34. Qf4 Qc5 35. Re4 Rb5 36. Rde1 Qa3+ 37. Kd2 Rd5+ 38. Rd4 Re5 39. Rxe5 dxe5
40. Rxd7+ Kxd7 41. Qxc4 Qd6+ 42. Ke1 Rf8 43. Bf5 Ke7 44. Qe4 Rd8 0-1

[Event "ChessOrg-Schachfestival 2022-Senioren"]
[Site "Bad Woerishofen"]
[Date "2022.03.19"]
[Round "9.3"]
[White "Neubauer, Bernd"]
[Black "Fiedler, Wolfgang"]
[Result "1-0"]
[WhiteElo "2141"]
[BlackElo "2017"]
[PlyCount "121"]
[EventDate "2022.??.??"]
[WhiteTeam "ESV 1949 Eberswalde e.V."]
[BlackTeam "SK Zirndorf e.V."]

1. d4 g6 2. c4 Bg7 3. Nc3 d6 4. e4 Nc6 5. Nge2 e5 6. d5 Nce7 7. f3 a5 8. Be3 b6
9. Qd2 h6 10. g4 Nf6 11. O-O-O h5 12. g5 Nd7 13. Kb1 Nc5 14. Nc1 Bd7 15. Nd3
Qc8 16. Nxc5 bxc5 17. a4 Qb7 18. Nb5 Nc8 19. h4 Nb6 20. b3 Bxb5 21. cxb5 O-O
22. Bd3 Rfe8 23. Qe1 Re7 24. Bd2 Qa7 25. Rf1 Nd7 26. Rf2 Qb6 27. Qe2 Rae8 28.
Rdf1 Ra8 29. Qe1 Qa7 30. Rg1 Qb6 31. Bc3 Qa7 32. Qd2 Qb6 33. Rgf1 Qa7 34. Qb2
f6 35. f4 fxg5 36. f5 gxf5 37. hxg5 f4 38. Qe2 c4 39. Bxc4 Qe3 40. Qxe3 fxe3
41. Rf3 e2 42. Bxe2 Nc5 43. Re3 Nxb3 44. Bxh5 Nc5 45. Bd1 Nb7 46. Bg4 Nc5 47.
Bd1 Bf8 48. Bc2 Rg7 49. Rg3 Be7 50. Rf5 Nb7 51. Bd2 Rf8 52. Kb2 Kh7 53. Be3 Kg6
54. Kc3 Rh8 55. Bd1 Rh1 56. Bg4 Rgh7 57. Rff3 Rf7 58. Bf5+ Kg7 59. Rh3 Rxh3 60.
Rxh3 Nc5 61. g6 1-0

[Event "ChessOrg-Schachfestival 2022-Senioren"]
[Site "Bad Woerishofen"]
[Date "2022.03.19"]
[Round "9.4"]
[White "Mueller, Erich"]
[Black "Waltenberger, Udo"]
[Result "1-0"]
[WhiteElo "2138"]
[BlackElo "1977"]
[PlyCount "97"]
[EventDate "2022.??.??"]
[WhiteTeam "SK 1962 Ladenburg"]
[BlackTeam "SV Eiche Reichenbrand"]

1. f4 c5 2. Nf3 Nc6 3. b3 Nf6 4. Bb2 g6 5. e3 Bg7 6. Be2 O-O 7. O-O d5 8. Ne5
Qc7 9. Nxc6 Qxc6 10. d3 Rd8 11. Bf3 Bf5 12. Qe2 Rac8 13. Nd2 Qd7 14. Rae1 Bg4
15. Bxg4 Nxg4 16. Bxg7 Kxg7 17. h3 Nh6 18. Qf2 f6 19. a4 Rf8 20. e4 dxe4 21.
Rxe4 b6 22. Rfe1 Rce8 23. Nf3 Ng8 24. Re6 Rc8 25. f5 Rc6 26. Rxc6 Qxc6 27. fxg6
hxg6 28. d4 Rc8 29. c4 Qd7 30. d5 Qf5 31. Qe3 Rd8 32. g4 Qc8 33. Kg2 Rd6 34.
Nh4 Qf8 35. Kg1 Kf7 36. Ng2 Qh6 37. Qg3 Qd2 38. Nf4 Qc2 39. Re2 Qd1+ 40. Kf2
Qb1 41. Ne6 g5 42. Kg2 Qg6 43. Qe3 Qh6 44. Rf2 Ke8 45. Qe4 a5 46. Qf5 Rd7 47.
Rf3 Rd6 48. Nc7+ Kf8 49. Qc8+ 1-0

[Event "ChessOrg-Schachfestival 2022-Senioren"]
[Site "Bad Woerishofen"]
[Date "2022.03.19"]
[Round "9.5"]
[White "Daeubler, Heinrich"]
[Black "Lange, Manfred"]
[Result "1/2-1/2"]
[WhiteElo "2136"]
[BlackElo "2028"]
[PlyCount "59"]
[EventDate "2022.??.??"]
[WhiteTeam "SC Haselmuehl / Amberg"]
[BlackTeam "SV Wuerzburg von 1865 e.V."]

1. d4 d5 2. c4 c6 3. Nf3 Nf6 4. g3 Bf5 5. Qb3 Qc8 6. Nc3 e6 7. Bg2 Nbd7 8. O-O
dxc4 9. Qxc4 b5 10. Qb3 b4 11. Na4 Be4 12. Ne1 Bxg2 13. Kxg2 c5 14. Nxc5 Nxc5
15. dxc5 Bxc5 16. Qa4+ Qd7 17. Qxd7+ Kxd7 18. Nd3 Bd6 19. Rd1 Ke7 20. Bg5 h6
21. Bxf6+ Kxf6 22. Rac1 Rac8 23. Rxc8 Rxc8 24. Rc1 Rxc1 25. Nxc1 Ke5 26. Kf3 f5
27. Ke3 Bc5+ 28. Kd2 Kd5 29. Nd3 e5 30. Nxc5 1/2-1/2

[Event "ChessOrg-Schachfestival 2022-Senioren"]
[Site "Bad Woerishofen"]
[Date "2022.03.19"]
[Round "9.6"]
[White "Pfitzer, Norbert"]
[Black "Koehler, Gerhard"]
[Result "1/2-1/2"]
[WhiteElo "2026"]
[BlackElo "2208"]
[PlyCount "69"]
[EventDate "2022.??.??"]
[WhiteTeam "SV Backnang"]
[BlackTeam "USV Halle"]

1. Nf3 Nf6 2. d4 g6 3. g3 Bg7 4. Bg2 O-O 5. O-O d6 6. c4 Nc6 7. Nc3 Bf5 8. d5
Na5 9. Nd4 Bd7 10. Qd3 c5 11. dxc6 Nxc6 12. Nxc6 Bxc6 13. Bxc6 bxc6 14. e4 Nd7
15. Bd2 Nc5 16. Qc2 Ne6 17. Be3 Qa5 18. Rac1 c5 19. Nd5 Rfe8 20. b3 Rac8 21.
Kg2 Nd4 22. Bxd4 cxd4 23. Nf4 Bh6 24. Rcd1 Bxf4 25. gxf4 Qh5 26. Qd3 e5 27. Qf3
Qh4 28. fxe5 dxe5 29. Rfe1 a5 30. Qg3 Qf6 31. h4 Rc6 32. Qg5 Qd6 33. f4 exf4
34. Qxa5 Rc5 35. Qd2 1/2-1/2

[Event "ChessOrg-Schachfestival 2022-Senioren"]
[Site "Bad Woerishofen"]
[Date "2022.03.19"]
[Round "9.7"]
[White "Kierzek, Mira"]
[Black "Schatz, Christian"]
[Result "0-1"]
[WhiteElo "1984"]
[BlackElo "2122"]
[PlyCount "98"]
[EventDate "2022.??.??"]
[WhiteTeam "SC Fulda"]
[BlackTeam "SC Postbauer-Heng e.V"]

1. d4 Nf6 2. Nf3 g6 3. Bf4 Bg7 4. h3 O-O 5. e3 d6 6. Be2 Nbd7 7. O-O b6 8. c4
Bb7 9. Nc3 Ne4 10. Qc2 f5 11. Nxe4 Bxe4 12. Qb3 e5 13. Bh2 Qe7 14. dxe5 dxe5
15. Rad1 Nc5 16. Qa3 Bb7 17. b4 Ne4 18. Qb3 c5 19. a3 Rae8 20. Qa4 Nc3 21. Qc2
Nxd1 22. Rxd1 Rd8 23. Bg3 Rxd1+ 24. Bxd1 cxb4 25. axb4 f4 26. Bh4 Bf6 27. Bxf6
Rxf6 28. exf4 Rxf4 29. c5 Rxb4 30. c6 Bc8 31. c7 a5 32. Be2 Qc5 33. Qxc5 bxc5
34. Nxe5 Rb7 35. Nc6 Rxc7 36. Bc4+ Kf8 37. Nxa5 Ke7 38. Bg8 Be6 39. Bxe6 Kxe6
40. Nc4 Kd5 41. Ne3+ Kd4 42. Kf1 Kd3 43. Nd5 Rb7 44. g4 c4 45. Nf4+ Kd2 46. Nd5
c3 47. Ne3 Rb4 48. Kg2 Re4 49. Nf1+ Kd3 0-1

[Event "ChessOrg-Schachfestival 2022-Senioren"]
[Site "Bad Woerishofen"]
[Date "2022.03.19"]
[Round "9.8"]
[White "Okrajek, Alexander"]
[Black "Trefzer, Erhard"]
[Result "1-0"]
[WhiteElo "2120"]
[BlackElo "1896"]
[PlyCount "59"]
[EventDate "2022.??.??"]
[WhiteTeam "SC-Siegburg"]
[BlackTeam "SV Besigheim"]

1. Nf3 f5 2. g3 Nf6 3. Bg2 g6 4. d4 Bg7 5. c4 O-O 6. Nc3 d6 7. O-O Qe8 8. Nd5
Na6 9. Nxf6+ Bxf6 10. Bh6 Bg7 11. Bxg7 Kxg7 12. Qd2 c6 13. Rfe1 h6 14. e4 fxe4
15. Rxe4 Bf5 16. Re3 Qd7 17. Rae1 Rae8 18. Nh4 Nc7 19. Nxf5+ gxf5 20. f4 e6 21.
b4 a6 22. a4 b5 23. cxb5 cxb5 24. a5 d5 25. Rc3 Re7 26. Qe3 Ne8 27. Qe5+ Kg6
28. Bxd5 Qd6 29. Qxd6 Nxd6 30. Rc6 1-0

[Event "ChessOrg-Schachfestival 2022-Senioren"]
[Site "Bad Woerishofen"]
[Date "2022.03.19"]
[Round "9.9"]
[White "Kainz, Josef"]
[Black "Lechner, Otto"]
[Result "1-0"]
[WhiteElo "1992"]
[BlackElo "1845"]
[PlyCount "119"]
[EventDate "2022.??.??"]
[WhiteTeam "Gratwein"]
[BlackTeam "TSV Wertingen 1862 SAbt"]

1. Nf3 Nf6 2. c4 c6 3. g3 d5 4. d4 e6 5. Bg2 Bb4+ 6. Bd2 Qe7 7. O-O O-O 8. a3
Bxd2 9. Nbxd2 a5 10. Re1 Rd8 11. Qc2 h6 12. Rad1 Qf8 13. e4 dxe4 14. Nxe4 Nxe4
15. Qxe4 Nd7 16. Ne5 Nf6 17. Qc2 Ra6 18. c5 Qe7 19. Bf1 Ra7 20. Nc4 Qc7 21. Bg2
Ra6 22. Bf1 Ra7 23. Nb6 Bd7 24. Bc4 Kh8 25. Qe2 Be8 26. Bd3 Rxd4 27. Bc4 Rxd1
28. Rxd1 Nd5 29. Nxd5 cxd5 30. Rxd5 Bc6 31. Rd6 a4 32. Qd3 Ra8 33. Ba2 Qa5 34.
Bb1 Qe1+ 35. Qf1 Qxf1+ 36. Kxf1 Kg8 37. Ke2 Kf8 38. Kd3 Ke7 39. Bc2 Ra5 40. Kc4
Ra6 41. Kb4 g5 42. Bd3 Rb6+ 43. cxb6 Kxd6 44. Bc2 g4 45. Bxa4 Bxa4 46. Kxa4 Kc6
47. Kb4 Kxb6 48. Kc4 Kc6 49. a4 b6 50. b4 f6 51. Kd4 h5 52. Ke4 Kd6 53. Kd4 Kc6
54. Kc4 e5 55. Kc3 f5 56. Kc4 f4 57. a5 bxa5 58. bxa5 fxg3 59. fxg3 e4 60. Kd4
1-0

[Event "ChessOrg-Schachfestival 2022-Senioren"]
[Site "Bad Woerishofen"]
[Date "2022.03.19"]
[Round "9.10"]
[White "Laustsen, Karl-Johan"]
[Black "Mueller, Thomas"]
[Result "1/2-1/2"]
[WhiteElo "1790"]
[BlackElo "1980"]
[PlyCount "69"]
[EventDate "2022.??.??"]
[WhiteTeam "1.FC Marktleuthen"]
[BlackTeam "SV Schoemberg"]

1. d4 Nf6 2. Bf4 d6 3. e3 Nbd7 4. Nf3 g6 5. Be2 Bg7 6. O-O O-O 7. c4 Ne4 8. Qc2
f5 9. h3 e5 10. dxe5 dxe5 11. Bh2 Qe7 12. Nbd2 Nxd2 13. Qxd2 e4 14. Nd4 Ne5 15.
Rad1 Kh8 16. Qc2 Rd8 17. Nb5 Be6 18. b3 c6 19. Nc3 Rxd1 20. Rxd1 Rd8 21. Rd2
Kg8 22. Qd1 Rxd2 23. Qxd2 Qd7 24. Qxd7 Bxd7 25. Nb1 Kf7 26. Kf1 Ke6 27. Na3 Kd6
28. Ke1 Be6 29. Kd2 Kc5 30. Nc2 a5 31. Bf4 h6 32. Bh2 b5 33. cxb5 cxb5 34. Nd4
Bd7 35. a3 1/2-1/2

[Event "ChessOrg-Schachfestival 2022-Senioren"]
[Site "Bad Woerishofen"]
[Date "2022.03.19"]
[Round "9.11"]
[White "Leser, Alfred"]
[Black "Seifert, Werner"]
[Result "0-1"]
[WhiteElo "1736"]
[BlackElo "1958"]
[PlyCount "98"]
[EventDate "2022.??.??"]
[WhiteTeam "Schachfreunde Mengen"]
[BlackTeam "SC Groebenzell"]

1. d4 Nf6 2. Bf4 g6 3. Nf3 Bg7 4. e3 d6 5. Be2 O-O 6. c3 c5 7. O-O b6 8. h3 Bb7
9. Nbd2 Nc6 10. dxc5 bxc5 11. Qc2 d5 12. Ne5 Qb6 13. a4 Rac8 14. Nxc6 Bxc6 15.
a5 Qb7 16. a6 Qb6 17. Be5 Bd7 18. Ra3 Bf5 19. Qc1 Qe6 20. Nf3 Be4 21. Bh2 Bxf3
22. Bxf3 Rc6 23. Qa1 Ne4 24. Rd1 Rd8 25. Qa2 c4 26. Bg4 f5 27. Be2 Rd7 28. Ra5
Nc5 29. Bf3 Nd3 30. Rxd3 cxd3 31. Kf1 Qf6 32. Bxd5+ Kh8 33. Bxc6 Qxc6 34. Qb3
Bf6 35. Ra1 d2 36. f3 Qc5 37. Bg1 Qd6 38. Rd1 Qd3+ 39. Kf2 Qxa6 40. Bh2 Qd3 41.
Bb8 Kg7 42. f4 g5 43. fxg5 Bxg5 44. Be5+ Kf8 45. Qb8+ Kf7 46. Qb3+ e6 47. Bd4
Rxd4 48. exd4 Bh4+ 49. Kg1 Qe3+ 0-1

[Event "ChessOrg-Schachfestival 2022-Senioren"]
[Site "Bad Woerishofen"]
[Date "2022.03.19"]
[Round "9.12"]
[White "Bjorgvik, Jan Arne"]
[Black "Walther, Reinhard"]
[Result "1-0"]
[WhiteElo "1771"]
[BlackElo "1945"]
[PlyCount "61"]
[EventDate "2022.??.??"]
[WhiteTeam "Direktmitglied NSF"]
[BlackTeam "SK 1911 Herzogenaurach e.V."]

1. e4 e5 2. Nf3 d5 3. Nc3 d4 4. Ne2 Nc6 5. a3 Nge7 6. Ng3 h5 7. Bb5 h4 8. Nf5
Nxf5 9. exf5 Bd6 10. d3 Bxf5 11. Bg5 f6 12. Bxh4 Qd7 13. Bg3 O-O-O 14. Qd2 e4
15. Nxd4 Bxg3 16. Nxc6 e3 17. Qa5 exf2+ 18. Kd1 Qd5 19. Ne7+ Kb8 20. Nxd5 Rxd5
21. Qa4 Rxh2 22. Ke2 c6 23. Rxh2 Bxh2 24. Qh4 Bg1 25. Bc4 Re5+ 26. Kf1 Kc7 27.
Qg3 Kb6 28. Qxg7 Bc8 29. Qf8 Kc7 30. Qxf6 Rf5 31. Qe7+ 1-0

[Event "ChessOrg-Schachfestival 2022-Senioren"]
[Site "Bad Woerishofen"]
[Date "2022.03.19"]
[Round "9.13"]
[White "Loibl, Johann"]
[Black "McAndrew, Robert"]
[Result "1/2-1/2"]
[WhiteElo "1762"]
[BlackElo "1927"]
[PlyCount "93"]
[EventDate "2022.??.??"]
[BlackTeam "Gambit Bonnevoie"]

1. e4 c6 2. d4 d5 3. Nc3 dxe4 4. Nxe4 Nf6 5. Nxf6+ exf6 6. c3 Bd6 7. Bd3 O-O 8.
Ne2 Re8 9. O-O Nd7 10. Bf4 Nf8 11. Bxd6 Qxd6 12. Ng3 Qf4 13. Qc2 Be6 14. Rfe1
Bd7 15. Ne4 h5 16. Re3 h4 17. Rf3 Qh6 18. Nd6 Re7 19. Bf5 g6 20. Bxd7 Nxd7 21.
Nxb7 Rae8 22. Kf1 Re6 23. Rd1 Qg5 24. Rfd3 h3 25. Rxh3 Qb5+ 26. c4 Qxb7 27. Qd2
Kf8 28. d5 cxd5 29. cxd5 Qb5+ 30. Kg1 Re2 31. Qh6+ Ke7 32. Re3+ Kd8 33. Rxe8+
Rxe8 34. Qd2 Nb6 35. Qf4 Nd7 36. Qd4 Qc5 37. Qd2 Re5 38. b4 Qc4 39. g3 Nb6 40.
Qh6 Qxb4 41. Qh8+ Kd7 42. Qxf6 Re1+ 43. Rxe1 Qxe1+ 44. Kg2 Qe4+ 45. f3 Qxd5 46.
h3 Qd6 47. Qxf7+ 1/2-1/2

[Event "ChessOrg-Schachfestival 2022-Senioren"]
[Site "Bad Woerishofen"]
[Date "2022.03.19"]
[Round "9.14"]
[White "Klein, Gerhard"]
[Black "Zoll, Detlef"]
[Result "1/2-1/2"]
[WhiteElo "1771"]
[BlackElo "1914"]
[PlyCount "21"]
[EventDate "2022.??.??"]
[WhiteTeam "Sfr.Konz-Karthaus"]
[BlackTeam "ESV 1949 Eberswalde e.V."]

1. Nf3 Nf6 2. b3 g6 3. Bb2 Bg7 4. d3 d6 5. Nbd2 O-O 6. e3 e5 7. Be2 c5 8. g3
Nc6 9. h3 Qe7 10. g4 Bd7 11. g5 1/2-1/2

[Event "ChessOrg-Schachfestival 2022-Senioren"]
[Site "Bad Woerishofen"]
[Date "2022.03.19"]
[Round "9.15"]
[White "Kievelitz, Bernd"]
[Black "Harsch, Martin"]
[Result "1/2-1/2"]
[WhiteElo "1745"]
[BlackElo "1908"]
[PlyCount "91"]
[EventDate "2022.??.??"]
[WhiteTeam "SC Zitadelle Spandau 1977 e.V."]

1. Nf3 d5 2. d4 Nf6 3. c4 c6 4. Qb3 Qb6 5. c5 Qxb3 6. axb3 Bf5 7. b4 Nbd7 8.
Nc3 Ne4 9. e3 Nxc3 10. bxc3 f6 11. b5 a5 12. bxa6 b5 13. cxb6 Nxb6 14. Be2 Bc8
15. O-O Nc4 16. Bxc4 dxc4 17. Ba3 e6 18. Nd2 Rxa6 19. Bxf8 Rxf8 20. Nxc4 Kd7
21. Rfb1 Kc7 22. f4 Rd8 23. Nd2 e5 24. fxe5 fxe5 25. Nf3 exd4 26. cxd4 Rd5 27.
Rxa6 Bxa6 28. Rc1 Bd3 29. Nd2 Bg6 30. Rc5 Rd8 31. Re5 Rd7 32. h4 Bd3 33. g4 Rf7
34. Kg2 h6 35. Kg3 Kd7 36. e4 Kd6 37. Rf5 Ra7 38. Rf3 Bb5 39. Rc3 Ra1 40. e5+
Kd5 41. Rc5+ Ke6 42. d5+ Kd7 43. dxc6+ Bxc6 44. Rc3 Re1 45. Nf3 Bxf3 46. Kxf3
1/2-1/2

[Event "ChessOrg-Schachfestival 2022-Senioren"]
[Site "Bad Woerishofen"]
[Date "2022.03.19"]
[Round "9.16"]
[White "Kurpiela, Franz"]
[Black "Desoye, Gernot"]
[Result "1/2-1/2"]
[WhiteElo "1748"]
[BlackElo "1776"]
[PlyCount "28"]
[EventDate "2022.??.??"]
[WhiteTeam "TSG OEhringen"]

1. e4 c5 2. Nf3 Nc6 3. Bc4 e6 4. d4 cxd4 5. Nxd4 Nge7 6. O-O g6 7. Nb5 d5 8.
exd5 Ne5 9. d6 N7c6 10. Bb3 Rb8 11. f4 Qb6+ 12. Kh1 Qxb5 13. fxe5 Qxe5 14. Qf3
Nd8 1/2-1/2

[Event "ChessOrg-Schachfestival 2022-Senioren"]
[Site "Bad Woerishofen"]
[Date "2022.03.19"]
[Round "9.17"]
[White "Schmieder, Siegfried"]
[Black "Eibl, Guenter"]
[Result "1/2-1/2"]
[WhiteElo "1904"]
[BlackElo "1736"]
[PlyCount "74"]
[EventDate "2022.??.??"]
[BlackTeam "SF Muenchen"]

1. e4 Nf6 2. Nc3 d5 3. e5 d4 4. exf6 dxc3 5. bxc3 exf6 6. Nf3 Bd6 7. Bb5+ c6 8.
Be2 O-O 9. O-O Bg4 10. h3 Bh5 11. Nd4 Bxe2 12. Qxe2 Re8 13. Qf3 g6 14. Rb1 Qd7
15. Qxf6 Be5 16. Qh4 Bg7 17. Ba3 b6 18. Rfe1 c5 19. Rxe8+ Qxe8 20. Nf3 Nc6 21.
Re1 Qd7 22. Qe4 Bf6 23. d4 cxd4 24. cxd4 Rd8 25. c3 Qd5 26. Bc1 Ne7 27. Qf4 Qf5
28. Qxf5 Nxf5 29. Bg5 Bxg5 30. Nxg5 h6 31. Nf3 Rc8 32. Rc1 b5 33. Kf1 Kf8 34.
Ke2 Ke7 35. Kd3 Kd6 36. g4 Ne7 37. Ne5 f6 1/2-1/2

[Event "ChessOrg-Schachfestival 2022-Senioren"]
[Site "Bad Woerishofen"]
[Date "2022.03.19"]
[Round "9.18"]
[White "Zwetz, Anita"]
[Black "Klimpel, Siegfried"]
[Result "1/2-1/2"]
[WhiteElo "1859"]
[BlackElo "1754"]
[PlyCount "23"]
[EventDate "2022.??.??"]
[WhiteTeam "TSV Kareth-Lappersdorf"]
[BlackTeam "TSV Kareth-Lappersdorf"]

1. d4 d5 2. Nf3 Nc6 3. Bf4 Bf5 4. c3 Nf6 5. e3 Ne4 6. Nbd2 f6 7. Nxe4 Bxe4 8.
Nh4 g5 9. Qh5+ Kd7 10. Qg4+ Ke8 11. Qh5+ Kd7 12. Qg4+ 1/2-1/2

[Event "ChessOrg-Schachfestival 2022-Senioren"]
[Site "Bad Woerishofen"]
[Date "2022.03.19"]
[Round "9.19"]
[White "Aigner, Georg"]
[Black "Schestak, Herbert"]
[Result "1/2-1/2"]
[WhiteElo "1809"]
[BlackElo "1713"]
[PlyCount "44"]
[EventDate "2022.??.??"]
[WhiteTeam "SC Taufkirchen"]

1. e4 c6 2. d4 d5 3. exd5 cxd5 4. Bd3 Nc6 5. Be3 Nf6 6. h3 e6 7. Nf3 Bd6 8. c4
O-O 9. Nc3 Nb4 10. O-O h6 11. c5 Nxd3 12. Qxd3 Be7 13. Ne5 Ne8 14. f4 Bd7 15.
Rf3 Bc6 16. Raf1 f5 17. Bf2 Nf6 18. b4 a6 19. a4 Ne4 20. b5 axb5 21. axb5 Be8
22. Qb1 Nd2 1/2-1/2

[Event "ChessOrg-Schachfestival 2022-Senioren"]
[Site "Bad Woerishofen"]
[Date "2022.03.19"]
[Round "9.20"]
[White "Antoniacci, Riccardo"]
[Black "Strohbusch, Frank"]
[Result "1-0"]
[WhiteElo "1706"]
[BlackElo "1762"]
[PlyCount "87"]
[EventDate "2022.??.??"]
[BlackTeam "SK Freising"]

1. e4 e6 2. d4 d5 3. Nc3 Bb4 4. e5 c5 5. Qg4 Ne7 6. dxc5 Bxc3+ 7. bxc3 Ng6 8.
Nf3 O-O 9. Bd3 Nc6 10. Qh5 Nce7 11. Bg5 f6 12. exf6 gxf6 13. Bd2 e5 14. Nh4 e4
15. Be2 Be6 16. Be3 Qd7 17. O-O Rf7 18. Qh6 Nxh4 19. Qxh4 Nf5 20. Qf4 Rg7 21.
Rfd1 Nxe3 22. Qxe3 Qc6 23. Qd4 Rg6 24. c4 Bh3 25. g3 Rc8 26. cxd5 Qxc5 27. c4
f5 28. Qxc5 Rxc5 29. Rab1 b6 30. d6 Rc8 31. Rd4 Rd8 32. Rbd1 f4 33. Rxe4 fxg3
34. hxg3 Rgxd6 35. Rxd6 Rxd6 36. g4 Kf8 37. Kh2 Rh6 38. Rf4+ Ke7 39. Kg3 Re6
40. Bd3 Rd6 41. Bxh7 Bf1 42. Bg8 Rd3+ 43. Rf3 Rd2 44. Rf7+ 1-0

[Event "ChessOrg-Schachfestival 2022-Senioren"]
[Site "Bad Woerishofen"]
[Date "2022.03.19"]
[Round "9.21"]
[White "Sakowski, Christian"]
[Black "Vaclahovsky, Gerhard"]
[Result "1/2-1/2"]
[WhiteElo "1745"]
[BlackElo "1592"]
[PlyCount "50"]
[EventDate "2022.??.??"]
[WhiteTeam "Schachclub Muelheim 08/25 e.V."]
[BlackTeam "SK Keres-Augsburg 1980"]

1. d4 Nf6 2. Nf3 g6 3. g3 Bg7 4. Bg2 O-O 5. O-O d5 6. Nbd2 Nbd7 7. Re1 c5 8. c3
b6 9. b3 Re8 10. Bb2 Bb7 11. Rc1 e5 12. dxe5 Nxe5 13. Nxe5 Rxe5 14. c4 Re7 15.
e3 dxc4 16. Nxc4 Rd7 17. Qc2 Bxg2 18. Kxg2 Qe7 19. Rcd1 Rad8 20. Rxd7 Qxd7 21.
Re2 Qd3 22. Qxd3 Rxd3 23. Rd2 Rxd2 24. Nxd2 Nd7 25. Bxg7 Kxg7 1/2-1/2

[Event "ChessOrg-Schachfestival 2022-Senioren"]
[Site "Bad Woerishofen"]
[Date "2022.03.19"]
[Round "9.22"]
[White "Cerpnjak, Mirko"]
[Black "Cordsen, Heinrich"]
[Result "1/2-1/2"]
[WhiteElo "1738"]
[BlackElo "1732"]
[PlyCount "66"]
[EventDate "2022.??.??"]
[WhiteTeam "1. SC Groebenzell"]
[BlackTeam "SK Varel"]

1. d4 d5 2. c4 e6 3. Nc3 Nf6 4. Nf3 c6 5. b3 Bb4 6. Bd2 O-O 7. a3 Bxc3 8. Bxc3
dxc4 9. bxc4 Ne4 10. Qc2 Nxc3 11. Qxc3 Nd7 12. e3 Qf6 13. Be2 c5 14. O-O cxd4
15. exd4 b6 16. Rac1 Bb7 17. Rfe1 Rfd8 18. Qe3 Rac8 19. h3 h6 20. Red1 Nf8 21.
Ne5 Ng6 22. Nxg6 Qxg6 23. Bf3 Bxf3 24. Qxf3 Qg5 25. Qe3 Qa5 26. Rd3 Qa4 27.
Rdc3 Qd7 28. Rd1 Rc6 29. Kf1 Rd6 30. Rcd3 Qc6 31. Qc1 Rc8 32. Rc3 Rcd8 33. Rcd3
Rc8 1/2-1/2